000 00303nam a2200121Ia 4500
008 191201s2011 xx 000 0 und d
100 _aPATEL, R.B.
245 0 _aTheory of Automata and Formal Languages
260 _aN. Delhi
_bUmesh Pub
_c2011
300 _a440
650 _aB.Tech(IT)
942 _2ddc
_cBK
999 _c6372
_d6372